Computer Design

Guardado en:
Detalles Bibliográficos
Formato: Seriadas
Publicado: 1981
Etiquetas: Agregar Etiqueta
Sin Etiquetas, Sea el primero en etiquetar este registro!

MARC

LEADER 00000nas a22000003a 4500
001 stu65443
005 20141121200808.2
008 011106s1981----------------------------d
040 |a STU  |b slo 
041 0
245 |a Computer Design 
260 |c 1981 
500 |a 3-12 /CH: 1,2 
500 |a 12 
773 0 |t Computer Design  |w stu_us_cat*stu59578  |x 0010-4566  |7 nnas 
996 |d Vol. 20, 1981  |v Vol. 20  |y 1981  |l II680  |s A  |a 24  |w stu65443_0001